Städte und ihre Autobahnen - Statistiken

Allgemein
  • Dieses Quiz wurde 462 mal gespielt
  • Das Durchschnittsergebnis liegt bei 23 aus 36
Antwortstatistiken
Stadt Autobahnen % Korrekt
Dortmund A1
97%
Dresden A4
96%
Freiburg A5
96%
Hannover A7
96%
Göttingen A7
96%
Potsdam A9
96%
Hannover A2
95%
Dortmund A2
95%
Duisburg A3
95%
München A8
94%
Potsdam A10
83%
Potsdam A10
83%
Dresden A13
67%
Dortmund A44
65%
Dresden A17
62%
Essen A40
62%
Duisburg A40
62%
Dortmund A40
62%
Dortmund A45
62%
München A99
61%
Duisburg A42
59%
Neuss A46
56%
Ludwigshafen A61
54%
Essen A52
50%
Neuss A52
50%
Hannover A37
49%
München A92
49%
München A95
49%
Krefeld A57
48%
Neuss A57
48%
Duisburg A59
45%
Ludwigshafen A65
44%
Potsdam A115
22%
München A995
13%
Hannover A352
10%
Ludwigshafen A650
9%
Keine übereinstimmenden Quizze gefunden
Verteilung der Resultate
Anzahl Personen mit jedem Resultat
Perzentil nach korrekt beantworteten Fragen
Ihre Resultats-Entwicklung
Sie haben dieses Quiz noch nicht gespielt